000 00386nam a2200133Ia 4500
005 20260328104340.0
008 260328s9999||||xx |||||||||||||| ||und||
100 _aMonografías de Arquitectura
245 0 _aTectónica Junta seca, dossier Construcción (7) /
_cMonografías de Arquitectura
260 _bDossier
300 _a107 p.
650 _aDETALLES CONSTRUCTIVOS
942 _cBK
999 _c12052
_d12052